000 00393 a2200133 4500
245 _aThe Novel and Contemporary Experience in Africa
_hprint
020 _a0841903069
700 _aGakwandi, Shatto Arthur.
650 _aAfrican Literature
005 20191017171914.0
260 _anyu
_bAfricana Pub. Co.
_c1977
084 _aPR9344 .G3
300 _a136 p.
_b 23 cm.
_c136 p. ; 23 cm.
500 _aShatto Arthur Gakwandi.
999 _c8178
_d8178